000 00604nam a22002177a 4500
003 UA-OsUOA
001 67893
007 ta
008 20100317b un ||||| |||| 00| 0 ukr d
100 _aУльянов В.
090 _a330
_bУ51
942 _cSA
040 _aUA-OsUOA
_bukr
_cUA-OsUOA
_dUA-OsUOA
245 _aОцінка фондової складової кризи "нової економіки" на початку ХХІ ст.
300 _aС.64-73
955 _a0
041 _aukr
080 _a330
773 0 _w67890
650 7 _a330 Економіка взагалі
_2UDC
999 _c354065
_d354065